| 000 | 00545cam a2200145 4500500 | ||
|---|---|---|---|
| 005 | 20251228082901.0 | ||
| 041 | _afre | ||
| 042 | _adc | ||
| 100 | 1 | 0 |
_aLemoine, Mathieu _eauthor |
| 245 | 0 | 0 | _aMichel Vergé-Franceschi, Colbert. La politique du bon sens, Paris, Payot, 2003. Un vol. 23 × 45 cm de 532 p. |
| 260 | _c2005. | ||
| 500 | _a15 | ||
| 786 | 0 | _nDix-septième siècle | 226 | 1 | 2005-03-01 | p. 165g-186g | 0012-4273 | |
| 856 | 4 | 1 | _uhttps://shs.cairn.info/revue-dix-septieme-siecle-2005-1-page-165g?lang=fr&redirect-ssocas=7080 |
| 999 |
_c1599976 _d1599976 |
||